| 000 | 01241nam a2200217Ia 4500 | ||
|---|---|---|---|
| 003 | Ost | ||
| 005 | 20260507074952.0 | ||
| 008 | 260507s9999||||xx |||||||||||||| ||und|| | ||
| 020 | _a9773790128 | ||
| 040 | _cfsecg | ||
| 041 | _aara | ||
| 082 | _a382 | ||
| 100 |
_aشحاته، محمد السانوسى محمد _eمؤلف |
||
| 245 | 0 |
_aالتجارة الدولية : _bفي ضوء الفقه الاسلامي واتفاقيات الجات / _c محمد السانوسى محمد شحاته |
|
| 260 |
_aالاسكندرية: _bدار الفكر الجامعي, _c2007 |
||
| 300 |
_a418 صفحة؛ _bإيضاحات ؛ _c25 سم |
||
| 504 | _aببليوغرافيا الآيات القرآنية:ص.374-378؛ ببليوغرافيا الأحاديث:ص.379-383 ببليوغرافيا:ص.384-410 | ||
| 520 | _aالتأصيل الإسلامي والقانوني للتجارة الدولية،الفقه الإسلامي والنظام العام للتجارة الدولية في ظل اتفاقية الجات،التحليل الفقهي لأهم القضايا المعاصرة المتعلقة بالتجارة الدولية في ظل اتفاقية الجات | ||
| 653 | _aالتجارة الخارجية | ||
| 942 | _cكتاب | ||
| 999 |
_c42003 _d42003 |
||